[Event "otb"]
[Site "otb"]
[Date "2007.04.07"]
[Round "8"]
[White "Corrales Fidel"]
[Black "Hernandez Guerrero G"]
[Result "1/2-1/2"]
[WhiteElo "2507"]
[BlackElo "2551"]
[PlyCount "42"]
[Source "www.chesslib.no"]
[SourceDate "2004.05.04"]

1. d4 Nf6 2. c4 g6 3. Nc3 Bg7 4. Nf3 O-O 5. e4 d6 6. Be2 e5 7. dxe5 dxe5 8. Qxd8 Rxd8 9. Bg5 Re8 10. O-O-O Na6 11. h3 c6 12. Be3 Bf8 13. Bd3 Nc5 14. Bc2 a5 15. Bg5 Bg7 16. Be3 Bf8 17. Bg5 Bg7 18. Be3 Bf8 19. Bg5 Kg7 20. Rd2 h6 21. Be3 Nh5 1/2-1/2

[Event "XX Open"]
[Site "Benidorm SPA"]
[Date "2007.04.26"]
[Round "5"]
[White "Movsziszian, K."]
[Black "Strikovic, A."]
[Result "1/2-1/2"]
[WhiteElo "2494"]
[BlackElo "2563"]
[PlyCount "65"]
[EventDate "2007.04.23"]
[Source "www.chesslib.no"]
[SourceDate "2004.05.04"]

1. d4 d6 2. Nf3 Nf6 3. c4 g6 4. Nc3 Bg7 5. e4 O-O 6. Be2 e5 7. dxe5 dxe5 8. Qxd8 Rxd8 9. Bg5 Re8 10. Nd5 Nxd5 11. cxd5 c6 12. Bc4 cxd5 13. Bxd5 Nd7 14. Nd2 Nc5 15. O-O-O Be6 16. Bxe6 Nxe6 17. Be3 Nf4 18. g3 Ng2 19. Nf1 Re6 20. Bd2 Rc8+ 21. Bc3 Ra8 22. Bd2 Rc8+ 23. Kb1 Ra8 24. Be3 Ree8 25. Nd2 Rac8 26. Bc5 b6 27. Kc1 Nf4 28. Rhg1 bxc5 29. b4 Ng2 30. b5 Nf4 31. Rh1 Ra8 32. Nf3 Bf6 33. Kb1 1/2-1/2

[Event "Biel op"]
[Site "Biel"]
[Date "1992.??.??"]
[Round "8"]
[White "Sher, Miron N"]
[Black "Cvitan, Ognjen"]
[Result "1/2-1/2"]
[WhiteElo "2505"]
[BlackElo "2550"]
[PlyCount "21"]
[EventDate "1992.07.??"]
[Source "ChessBase"]

1. Nf3 Nf6 2. d4 g6 3. c4 Bg7 4. Nc3 O-O 5. e4 d6 6. Be2 e5 7. dxe5 dxe5 8. Qxd8 Rxd8 9. Nd5 Nxd5 10. cxd5 c6 11. Bc4 1/2-1/2

[Event "Cebu"]
[Site "Cebu"]
[Date "1992.??.??"]
[Round "7"]
[White "Murshed, Niaz"]
[Black "Rogers, Ian"]
[Result "0-1"]
[WhiteElo "2505"]
[BlackElo "2550"]
[PlyCount "106"]
[EventDate "1992.05.??"]
[Source "ChessBase"]

1. d4 Nf6 2. c4 g6 3. Nc3 Bg7 4. e4 O-O 5. Nf3 d6 6. Be2 e5 7. dxe5 dxe5 8. Qxd8 Rxd8 9. Bg5 Re8 10. Nd5 Nxd5 11. cxd5 c6 12. Bc4 b5 13. Bb3 a5 14. a4 Bb7 15. Rc1 Rc8 16. d6 bxa4 17. Bxa4 f6 18. Be3 Rd8 19. Nd2 Ba6 20. Nc4 Bxc4 21. Rxc4 Rxd6 22. Ke2 Bf8 23. Ra1 Rd7 24. Rxc6 Nxc6 25. Bxc6 Rdd8 26. Bxa8 Rxa8 27. Bd2 Rb8 28. Bc3 Bb4 29. Ra2 Bxc3 30. bxc3 Ra8 31. Kd3 Kf7 32. Rb2 a4 33. Kc2 Ra7 34. Rb4 f5 35. f3 a3 36. Kb1 Rd7 37. Kc2 Ra7 38. Kb1 a2+ 39. Ka1 Ra3 40. Rc4 Kf6 41. h4 f4 42. Rc6+ Kg7 43. Rc7+ Kh6 44. c4 Ra4 45. Rc5 Kh5 46. Rxe5+ Kxh4 47. Rb5 Rxc4 48. Kxa2 Rc3 49. Kb2 Re3 50. Kc2 g5 51. Kd2 h6 52. Kd1 Kg3 53. Rb2 h5 0-1

[Event "Rubinstein mem"]
[Site "Polanica Zdroj"]
[Date "1977.??.??"]
[Round "11"]
[White "Farago, Ivan"]
[Black "Quinteros, Miguel A"]
[Result "1-0"]
[WhiteElo "2500"]
[BlackElo "2555"]
[PlyCount "77"]
[EventDate "1977.08.??"]
[Source "www.chesslib.no"]
[SourceDate "2004.05.04"]

1. d4 Nf6 2. c4 c5 3. d5 e5 4. Nc3 d6 5. e4 Nbd7 6. Nf3 g6 7. Be2 Bg7 8. O-O O-O 9. Bg5 h6 10. Bh4 a6 11. Ne1 Qc7 12. Qd2 Nh7 13. Nc2 Kh8 14. g4 Ndf6 15. f3 Ng8 16. Bg3 Qd8 17. Ne3 Bf6 18. Ng2 b6 19. a4 Ra7 20. a5 bxa5 21. Nd1 Rb7 22. Qxa5 Qxa5 23. Rxa5 Rb3 24. Be1 Ng5 25. Bc3 Nh3+ 26. Kh1 Re8 27. Nf2 Nf4 28. Bd1 Rb8 29. Ba4 Re7 30. Nxf4 exf4 31. Bxf6+ Nxf6 32. Nd3 g5 33. Re1 Kg7 34. e5 dxe5 35. Rxe5 Rxe5 36. Nxe5 Rxb2 37. Rxc5 Re2 38. Rxc8 Rxe5 39. d6 1-0

[Event "Rishon Le Ziyyon 9798"]
[Site "Rishon Le Ziyyon"]
[Date "1997.12.31"]
[Round "7"]
[White "Golod, Vitali"]
[Black "Kantsler, Boris"]
[Result "1-0"]
[WhiteElo "2515"]
[BlackElo "2535"]
[PlyCount "143"]
[EventDate "1997.12.25"]
[Source "ChessBase"]
[SourceDate "1998.03.09"]

1. d4 d6 2. Nf3 g6 3. c4 Bg7 4. Nc3 Nf6 5. e4 O-O 6. Be2 e5 7. dxe5 dxe5 8. Qxd8 Rxd8 9. Bg5 Re8 10. Nd5 Nxd5 11. cxd5 c6 12. Bc4 cxd5 13. Bxd5 Na6 14. O-O-O Nc7 15. Bb3 Be6 16. Bxe6 Nxe6 17. Be3 Re7 18. Kb1 a6 19. Rd6 Rc8 20. Rhd1 Rec7 21. Rd7 Rxd7 22. Rxd7 Rc7 23. Rxc7 Nxc7 24. Kc2 Ne6 25. Kc3 Kf8 26. Kb4 Ke7 27. Ka5 Kd7 28. Kb6 Kc8 29. Ng5 Nxg5 30. Bxg5 Bf8 31. Bf6 Bd6 32. f3 Kb8 33. a3 Kc8 34. g4 Kb8 35. Bg5 Kc8 36. Bd2 Kb8 37. Bb4 Bc7+ 38. Kc5 Kc8 39. Kd5 Kd7 40. Bc3 f6 41. g5 fxg5 42. Bxe5 Bb6 43. Bf6 Bg1 44. h3 Be3 45. e5 Bf4 46. e6+ Ke8 47. a4 Bd2 48. b3 Bf4 49. Kc5 Bc7 50. Bxg5 Kf8 51. Kd5 Ke8 52. Ke4 Bd6 53. f4 Bb4 54. f5 gxf5+ 55. Kxf5 Bc3 56. Bf6 Bd2 57. Kg4 Kf8 58. Kh5 Kg8 59. Bg5 Bb4 60. e7 Kf7 61. Kh6 b5 62. axb5 axb5 63. Kxh7 Bc3 64. Kh6 Bg7+ 65. Kh5 Bc3 66. Kg4 Bd4 67. Kf5 Bc3 68. h4 Bb2 69. h5 Bc3 70. h6 Bb2 71. Bf6 Bxf6 72. e8=Q+ 1-0

[Event "Reykjavik"]
[Site "Reykjavik"]
[Date "1985.??.??"]
[Round "3"]
[White "Olafsson, Helgi"]
[Black "Hjartarson, Johann"]
[Result "1/2-1/2"]
[WhiteElo "2515"]
[BlackElo "2530"]
[PlyCount "30"]
[EventDate "1985.02.??"]
[Source "ChessBase"]

1. Nf3 Nf6 2. c4 g6 3. Nc3 Bg7 4. d4 O-O 5. e4 d6 6. Be2 e5 7. dxe5 dxe5 8. Qxd8 Rxd8 9. Bg5 Re8 10. Nd5 Nxd5 11. cxd5 c6 12. Bc4 cxd5 13. Bxd5 Nc6 14. O-O-O Bg4 15. Kb1 Nd4 1/2-1/2

[Event "Manila ol (Men)"]
[Site "Manila PHI"]
[Date "1992.??.??"]
[Round "?"]
[White "Wong Meng-Kong"]
[Black "Sokolov, Ivan"]
[Result "0-1"]
[WhiteElo "2415"]
[BlackElo "2630"]
[PlyCount "76"]
[EventDate "1992.06.??"]
[Source "www.chesslib.no"]
[SourceDate "2004.05.04"]

1. Nf3 Nf6 2. c4 g6 3. Nc3 Bg7 4. d4 O-O 5. e4 d6 6. Be2 e5 7. dxe5 dxe5 8. Qxd8 Rxd8 9. Bg5 c6 10. Nxe5 Re8 11. O-O-O Na6 12. Rd6 Be6 13. Nf3 Nc5 14. Nd2 Nfd7 15. Bf4 a5 16. Ndb1 f5 17. exf5 Bxf5 18. Be3 a4 19. g4 Be6 20. Rhd1 Be5 21. R6d2 Bxh2 22. Kc2 Be5 23. b4 axb3+ 24. axb3 Re7 25. f4 Bg7 26. Bd4 Bh6 27. Rf1 Rf7 28. g5 Bg7 29. Kb2 Bf5 30. Bxg7 Kxg7 31. Rd4 Re8 32. Nd2 Ne6 33. Rd6 Bh3 34. Rf3 Nxf4 35. Rxh3 Nxh3 36. Bg4 Nxg5 37. Rxd7 Rxd7 38. Bxd7 Rd8 0-1

[Event "Bor"]
[Site "?"]
[Date "1986.??.??"]
[Round "?"]
[White "Barlov, D."]
[Black "Watson, W."]
[Result "0-1"]
[WhiteElo "2550"]
[BlackElo "2495"]
[PlyCount "112"]
[EventDate "1986.??.??"]
[Source "ChessBase"]
[SourceDate "1986.07.01"]

1. d4 Nf6 2. c4 g6 3. Nc3 Bg7 4. e4 d6 5. Be2 O-O 6. Nf3 e5 7. dxe5 dxe5 8. Qxd8 Rxd8 9. Bg5 c6 10. Nxe5 Re8 11. O-O-O Na6 12. Nf3 Bg4 13. Bd3 Nc5 14. Rhe1 Nfd7 15. Bf4 Nb6 16. Kc2 Bxf3 17. gxf3 Nxd3 18. Rxd3 Nxc4 19. Bg3 Rad8 20. Red1 Rxd3 21. Rxd3 Ne5 22. Re3 Nc4 23. Rd3 Ne5 24. Re3 Nd7 25. e5 Kf8 26. f4 f5 27. b4 Kf7 28. Rd3 Nf8 29. Ne2 Rc8 30. Nd4 Rc7 31. Nb3 Ne6 32. Na5 Bh6 33. Nc4 Bf8 34. Nd6+ Bxd6 35. Rxd6 h6 36. h4 h5 37. f3 Ke7 38. Rd1 Rd7 39. Re1 Nd4+ 40. Kc3 Nxf3 41. Re2 Ke6 42. Rg2 Kf7 43. a4 Rd1 44. Rf2 Nd4 45. Rb2 a6 46. Kc4 Ne6 47. b5 Rd4+ 48. Kc3 Rxa4 49. bxc6 b5 50. Rd2 Rc4+ 51. Kb2 Rxc6 52. Rd7+ Ke8 53. Ra7 b4 54. Bh2 Nc5 55. Kc2 b3+ 56. Kb2 Rb6 0-1

[Event "Stip"]
[Site "Stip"]
[Date "1977.11.??"]
[Round "9"]
[White "Bukic, Enver"]
[Black "Quinteros, Miguel A"]
[Result "1/2-1/2"]
[WhiteElo "2490"]
[BlackElo "2555"]
[PlyCount "26"]
[EventDate "1977.11.??"]
[Source "www.chesslib.no"]
[SourceDate "2004.05.04"]

1. d4 Nf6 2. c4 c5 3. d5 g6 4. Nc3 Bg7 5. Nf3 O-O 6. e4 e5 7. Be2 d6 8. Bg5 h6 9. Bh4 Qc7 10. Nd2 Nh7 11. Rb1 h5 12. b4 Na6 13. a3 Bf6 1/2-1/2

[Event "It (cat.8)"]
[Site "Perm (Russia)"]
[Date "2007.06.20"]
[Round "9"]
[White "Zinchenko Yaroslav (UKR)"]
[Black "Glek Igor V (GER)"]
[Result "1/2-1/2"]
[WhiteElo "2513"]
[BlackElo "2531"]
[PlyCount "22"]
[EventDate "2007.??.??"]
[Source "www.chesslib.no"]
[SourceDate "2004.05.04"]

1. d4 Nf6 2. c4 g6 3. Nc3 Bg7 4. e4 d6 5. Be2 O-O 6. Nf3 e5 7. dxe5 dxe5 8. Qxd8 Rxd8 9. Bg5 c6 10. Nxe5 Re8 11. O-O-O Na6 1/2-1/2

[Event "FRA-ch Pool B"]
[Site "Vichy"]
[Date "2000.08.19"]
[Round "3"]
[White "Vaisser, Anatoli"]
[Black "Apicella, Manuel"]
[Result "1/2-1/2"]
[WhiteElo "2537"]
[BlackElo "2506"]
[PlyCount "43"]
[EventDate "2000.08.15"]
[Source "ChessBase"]
[SourceDate "2000.11.21"]

1. c4 Nf6 2. Nf3 g6 3. Nc3 Bg7 4. e4 d6 5. d4 O-O 6. Be2 e5 7. dxe5 dxe5 8. Qxd8 Rxd8 9. Bg5 Re8 10. Nd5 Nxd5 11. cxd5 c6 12. Bc4 cxd5 13. Bxd5 Na6 14. O-O Nc7 15. Bb3 Be6 16. Rfc1 Rac8 17. Bxe6 Nxe6 18. Rxc8 Rxc8 19. Rc1 Rxc1+ 20. Bxc1 f6 21. Be3 a6 22. Nd2 1/2-1/2

[Event "ESP-chB playoff"]
[Site "?"]
[Date "2002.10.08"]
[Round "2"]
[White "Herraiz Hidalgo Herminio"]
[Black "Illescas Cordoba Miguel"]
[Result "0-1"]
[WhiteElo "2458"]
[BlackElo "2585"]
[PlyCount "102"]
[EventDate "2002.??.??"]
[Source "www.chesslib.no"]
[SourceDate "2004.05.04"]

1. Nf3 g6 2. c4 Bg7 3. d4 Nf6 4. Nc3 O-O 5. e4 d6 6. Be2 e5 7. dxe5 dxe5 8. Qxd8 Rxd8 9. Nd5 Nxd5 10. cxd5 c6 11. Bc4 b5 12. Bb3 Bb7 13. Bg5 Rd7 14. O-O-O cxd5 15. Bxd5 Bxd5 16. exd5 Rc7+ 17. Kb1 Nd7 18. Nd2 f5 19. f4 h6 20. Be7 exf4 21. Bd6 Rcc8 22. Bxf4 g5 23. Be3 f4 24. Bf2 Nf6 25. Nb3 Rd8 26. Rhe1 Rxd5 27. Rxd5 Nxd5 28. Nc5 a5 29. h4 gxh4 30. Bxh4 Ne3 31. Rg1 Nf5 32. Bf2 Re8 33. Nd3 Rd8 34. Kc2 Bd4 35. Rf1 Be3 36. Be1 Nd4+ 37. Kb1 Ne6 38. Kc2 Nd4+ 39. Kb1 Ne6 40. Kc2 b4 41. g3 Nd4+ 42. Kb1 f3 43. Ne5 Rc8 44. Bf2 Bxf2 45. Rxf2 Re8 46. Nd3 Re3 47. Rd2 Kg7 48. b3 Re2 49. Kc1 Rg2 50. Nf4 Rxd2 51. Kxd2 f2 0-1

[Event "La Habana"]
[Site "?"]
[Date "1999.??.??"]
[Round "?"]
[White "Vera, R."]
[Black "De la Paz, F."]
[Result "1-0"]
[WhiteElo "2545"]
[BlackElo "2495"]
[PlyCount "85"]
[EventDate "1999.??.??"]
[Source "Chess Informant"]
[SourceDate "1999.06.01"]

1. d4 Nf6 2. c4 g6 3. Nc3 Bg7 4. e4 d6 5. Be2 O-O 6. Nf3 e5 7. O-O c6 8. d5 c5 9. a3 Nbd7 10. b4 Ne8 11. Bg5 f6 12. Bd2 b6 13. Qc2 f5 14. Ng5 Ndf6 15. bxc5 bxc5 16. exf5 gxf5 17. Ne6 Bxe6 18. dxe6 Nc7 19. Qxf5 Qe7 20. f4 e4 21. Rae1 Qxe6 22. Qxe6+ Nxe6 23. g4 Rae8 24. Bd1 Nd4 25. g5 Nd7 26. Nxe4 Nb6 27. Nxd6 Rd8 28. Ne4 Nxc4 29. Bc1 Rd5 30. a4 Rb8 31. Bg4 Rf8 32. Ng3 Nd6 33. Re7 N4f5 34. Rd7 Rd4 35. Bb2 Ne4 36. Bxf5 Nxg3 37. Be6+ Kh8 38. Rxg7 Nxf1 39. Bxd4 cxd4 40. Rxa7 Ne3 41. Rd7 h6 42. g6 Nf5 43. Rh7# 1-0

[Event "Caciulata"]
[Site "Calimanesti"]
[Date "1992.??.??"]
[Round "?"]
[White "Malaniuk, Vladimir P"]
[Black "Lanka, Zigurds"]
[Result "1/2-1/2"]
[WhiteElo "2550"]
[BlackElo "2490"]
[PlyCount "30"]
[EventDate "1992.??.??"]
[Source "www.chesslib.no"]
[SourceDate "2004.05.04"]

1. d4 Nf6 2. Nf3 g6 3. c4 Bg7 4. Nc3 O-O 5. e4 d6 6. Be2 e5 7. dxe5 dxe5 8. Qxd8 Rxd8 9. Bg5 Re8 10. Nd5 Nxd5 11. cxd5 c6 12. Bc4 cxd5 13. Bxd5 Na6 14. O-O-O Nc7 15. Bb3 Ne6 1/2-1/2

[Event "56th ch-RUS"]
[Site "Krasnoyarsk"]
[Date "2003.09.04"]
[Round "2"]
[White "Lugovoi, Aleksei"]
[Black "Bachin, Vitaly"]
[Result "1/2-1/2"]
[WhiteElo "2566"]
[BlackElo "2472"]
[PlyCount "41"]
[EventDate "2003.09.03"]
[Source "Roberto Alvarez"]
[SourceDate "2003.09.15"]

1. d4 Nf6 2. c4 c5 3. d5 e5 4. Nc3 d6 5. e4 g6 6. Nf3 Bg7 7. Be2 O-O 8. O-O h6 9. Ne1 Qe7 10. Nd3 a6 11. Rb1 b5 12. cxb5 axb5 13. b4 c4 14. Ne1 Bd7 15. Nc2 Na6 16. Be3 Rfc8 17. Qd2 Kh7 18. Kh1 Nc7 19. h3 Ra6 20. Ra1 Qe8 21. Rfc1 1/2-1/2